000 01784cam a22004574i 4500
003 PE-LiUPU
005 20250731173442.0
008 150616s r 000 0 d
035 _a(Sirsi) a5762
040 _aPE-LiUPU
_bspa
_cPE-LiUPU
_erda
049 _aPRUA
082 0 4 _a231.004
_bS78
_221
100 1 _aStanley Jones, E.,
_eautor.
245 1 1 _a¿Es Realidad el Reino de Dios?.
264 1 _aBuenos Aires :
_bEditorial "La Aurora",
_c1950.
300 _a384 páginas ;
_c19 cm.
336 _atext
_2rdacontent
337 _aunmediated
_2rdamedia
338 _avolume
_2rdacarrier
490 0 _aColección "Espíritu y Verdad" ;
_vVI
505 0 _a¿Fué Jesús un realista? -- La respuesta que la vida da a la vida -- ¿Es realidad el reino de Dios? -- El reino de los cielos dentro de vosotros está -- Los sentimientos y el odio causa de enfermedad -- El sentido de culpa y la mala salud -- La realidad del nuevo nacimiento -- Las fuerzas destronadas que gobiernan -- Disciplinados al Reino.
526 _aSEG42
526 _aSEG41
526 _aSEG40
526 _aSEG39
526 _aP94
526 _aP87
526 _aP86
526 _aP85
526 _aP77
526 _aP76
526 _aP35
650 0 4 _aDIOS Y HOMBRE - ENSAYOS.
910 _ajck
_bjvq
_cjck
942 _2ddc
_cBOOK
949 _a231.004 S78
_wDEWEY
_c1
_i39291
_lCCODEBUL1
_mBUL
_p00.00
_r0
_sY
_tBOOK
_u19951005
_xTEOLOGIA
_zUNKNOWN
_0COMPRA
_o.STAFF. Colección General
994 _aC0
_bPEPRU
596 _a1
999 _a231.004 S78
_wDEWEY
_c56825
_i39291
_d56825
_e2018-5-24
_f2021-11-11
_g5
_lCCODEBUL1
_mBUL
_n1
_q2
_r0
_sY
_tBOOK
_u2015-6-16
_xTEOLOGIA
_zUNKNOWN
_0COMPRA
_o.STAFF. Colección General
980 _81
_gALBERTO SANCHEZ Responsable de Automatización